00677nam a22002057a 450000500170000001000150001702000270003203500140005903700150007308200110008824500940009926000500019327000580024330000340030150000380033550500440037370000150041770000180043270000210045020180503124424.0 aENG-122867 a9788125061441c1525.00 aEN-106399 bDBAD/PUB.  a409.54 aPeople's lingustic survey of india /ced. by G.N.Devy; Damodar Jain [and] Prashant Mishra aHyderabad (Telangana)bOrient BlackSwanc2017 a3-6-752, Himayatnagar,bHyderabad (Telangana)e500029 aV.16, (xlix, 300p.)c24cm(Hb) aIt include bibliography and index aPart-II The languages of Madhya Pradesh aDevy, G.N. aJain, Damodar aMishra, Prashant